| 000 | 01568cam a22003734a 4500 | ||
|---|---|---|---|
| 001 | 13942218 | ||
| 003 | NUST-PNEC | ||
| 005 | 20170116180703.0 | ||
| 008 | 050426s2006 flua b 001 0 eng | ||
| 010 | _a 2005041895 | ||
| 020 | _a0849336775 | ||
| 035 | _a(OCoLC)ocm60188913 | ||
| 040 |
_aDLC _cPNEC |
||
| 042 | _apcc | ||
| 050 | 0 | 0 |
_aTA1522 _b.E24 2006 |
| 082 | 0 | 0 |
_a621.36 YAS _222 |
| 100 |
_9281 _aYasumoto, Kiyotoshi |
||
| 245 | 0 | 0 |
_aElectromagnetic theory and applications for photonic crystals / _cedited by Kiyotoshi Yasumoto. |
| 260 |
_aBoca Raton, FL : _bTaylor & Francis, _c2006. |
||
| 300 |
_a448 p. : _bill. ; _c24 cm. |
||
| 490 | 1 |
_aOptical science and engineering ; _v102 |
|
| 500 | _aIncludes Index http://www.amazon.com/Electromagnetic-Applications-Photonic-Crystals-Engineering/dp/0849336775/ref=sr_1_1?s=books&ie=UTF8&qid=1410594589&sr=1-1&keywords=0849336775 | ||
| 504 | _aIncludes bibliographical references and index. | ||
| 650 | 0 |
_aPhotonics _xME (Materials.) |
|
| 650 | 0 |
_aCrystal optics _xME |
|
| 650 | 0 | _aElectrooptics. | |
| 700 | 1 | _aYasumoto, Kiyotoshi. | |
| 830 | 0 |
_aOptical science and engineering (Boca Raton, Fla.) ; _v102. |
|
| 856 | 4 | 2 |
_3Publisher description _uhttp://www.loc.gov/catdir/enhancements/fy0648/2005041895-d.html |
| 906 |
_a7 _bcbc _corignew _d1 _eocip _f20 _gy-gencatlg |
||
| 942 |
_2ddc _cBK |
||
| 999 |
_c60618 _d60618 |
||